Statistics for All-Time Best NFL Players by Jersey Number

Click here to take the quiz!

General Stats

  • This quiz has been taken 143 times
  • The average score is 46 of 100

Answer Stats

Jersey NumberPositionPrimary Team(s)NFL playerPercent of NFL expert vote% Correct
4QBGreen Bay PackersBrett Favre100%
95%
12QBNew England PatriotsTom Brady100%
93%
2QBAtlanta FalconsMatt Ryan78%
92%
9QBNew Orleans SaintsDrew Brees100%
90%
18QBIndianapolis ColtsPeyton Manning100%
89%
16QBSan Francisco 49ersJoe Montana100%
88%
13QBMiami DolphinsDan Marino100%
87%
20RBDetroit LionsBarry Sanders89%
86%
21CBFalcons/CowboysDeion Sanders100%
86%
22RBDallas CowboysEmmitt Smith100%
85%
7QBDenver BroncosJohn Elway100%
85%
11WRArizona CardinalsLarry Fitzgerald100%
85%
17QBSan Diego ChargersPhilip Rivers89%
83%
1QBHouston OilersWarren Moon89%
83%
8QBSan Francisco 49ersSteve Young56%
81%
32RBCleveland BrownsJim Brown100%
80%
79TNew York GiantsRosey Brown89%
79%
23KR/PRChicago BearsDevin Hester89%
77%
52LBBaltimore RavensRay Lewis100%
74%
34RBChicago BearsWalter Payton100%
74%
84WRMinnesota VikingsRandy Moss100%
73%
99DEHouston TexansJ.J. Watt45%
72%
56LBNew York GiantsLawrence Taylor100%
70%
87TENew England PatriotsRob Gronkowski78%
70%
15QBGreen Bay PackersBart Starr100%
69%
80WRSan Francisco 49ersJerry Rice100%
69%
31FBGreen Bay PackersJim Taylor89%
68%
19QBBaltimore ColtsJohnny Unitas100%
67%
88TEKansas City ChiefsTony Gonzalez56%
67%
14QBCleveland BrownsOtto Graham56%
65%
43SPittsburgh SteelersTroy Polamalu89%
63%
29RBLos Angeles RamsEric Dickerson100%
62%
75DTPittsburgh SteelersJoe Greene56%
61%
54LBDallas CowboysRandy White56%
61%
92DEEagles/PackersReggie White100%
61%
10QBMinnesota VikingsFran Tarkenton100%
60%
36RBPittsburgh SteelersJerome Bettis100%
60%
30RBDenver BroncosTerrell Davis100%
60%
91LBLos Angeles RamsKevin Greene89%
59%
28RBSt. Louis RamsMarshall Faulk78%
57%
24DBDenver BroncosChamp Bailey56%
56%
42SSan Francisco 49ersRonnie Lott100%
56%
71TSeattle SeahawksWalter Jones100%
56%
59LBCarolina PanthersLuke Kuechly56%
54%
81WRSan Francisco 49ersTerrell Owens56%
54%
6PLos Angeles RamsJohnny Hekker56%
51%
51LBChicago BearsDick Butkus100%
50%
26DBPittsburgh SteelersRod Woodson89%
49%
69DEMinnesota VikingsJared Allen100%
48%
90DECarolina PanthersJulius Peppers89%
48%
55LBSan Diego ChargersJunior Seau100%
48%
89TEChicago BearsMike Ditka89%
48%
78TCincinnati BengalsAnthony Muñoz89%
47%
73GDallas CowboysLarry Allen56%
46%
35DBCardinals/RamsAeneas Williams67%
45%
40RBChicago BearsGale Sayers89%
42%
33QBWashington RedskinsSammy Baugh56%
41%
27SDenver BroncosSteve Atwater56%
41%
57LBNew Orleans SaintsRickey Jackson56%
37%
74OLOilers/TitansBruce Matthews45%
36%
50LBChicago BearsMike Singletary100%
35%
39RBMiami DolphinsLarry Csonka100%
33%
93DTMinnesota VikingsJohn Randle67%
31%
47DBPittsburgh SteelersMel Blount100%
30%
58LBPittsburgh SteelersJack Lambert67%
29%
44RBWashington RedskinsJohn Riggins89%
28%
25WROakland RaidersFred Biletnikoff67%
24%
00 (discontinued)COakland RaidersJim Otto100%
23%
41FBSan Diego ChargersLorenzo Neal89%
23%
5HB/FBGreen Bay PackersPaul Hornung100%
23%
95DEChicago BearsRichard Dent100%
23%
3FBChicago BearsBronko Nagurski89%
21%
83LBOakland RaidersTed Hendricks100%
21%
63GOakland RaidersGene Upshaw56%
20%
94DE/LB49ers/CowboysCharles Haley89%
19%
85DELos Angeles RamsJack Youngblood67%
19%
98DEIndianapolis ColtsRobert Mathis78%
19%
60C/LBPhiladelphia EaglesChuck Bednarik89%
17%
96DTSeattle SeahawksCortez Kennedy100%
17%
82WRBaltimore ColtsRaymond Berry56%
17%
53LBNew York GiantsHarry Carson89%
16%
66LBGreen Bay PackersRay Nitschke89%
16%
48FBDallas CowboysDaryl Johnston89%
15%
64GMinnesota VikingsRandall McDaniel78%
15%
68GKansas City ChiefsWill Shields78%
15%
97LBBuffalo BillsCornelius Bennett56%
11%
86DTKansas City ChiefsBuck Buchanan89%
10%
72TSt. Louis CardinalsDan Dierdorf67%
10%
37RB/DBDetroit LionsDoak Walker56%
10%
45SSeattle SeahawksKenny Easley56%
10%
77RBChicago BearsRed Grange67%
10%
61LBChicago BearsBill George56%
9%
65TVikings/BroncosGary Zimmerman67%
9%
76T/C/DT/KCleveland BrownsLou Groza56%
7%
70LBGiants/RedskinsSam Huff67%
7%
49RB/WRBrowns/RedskinsBobby Mitchell89%
6%
67GMiami DolphinsBob Kuechenberg78%
6%
62CMiami DolphinsJim Langer89%
6%
46TELos Angeles RaidersTodd Christensen56%
6%
38QBGreen Bay PackersArnie Herber89%
5%

Score Distribution

Percentile by Number Answered

Percent of People with Each Score

Your Score History

You have not taken this quiz